|
|
|
|
| LEADER |
01605cam a2200361 a 4500 |
| 001 |
c000293651 |
| 003 |
CARM |
| 005 |
20090831125956.0 |
| 008 |
921012s1991 nyua b 101 0 eng d |
| 019 |
1 |
|
|a 9305950
|5 LACONCORD2021
|
| 020 |
|
|
|a 0780305183 (pbk.)
|
| 020 |
|
|
|a 0780305191
|
| 035 |
|
|
|a (OCoLC)26040206
|5 LACONCORD2021
|
| 040 |
|
|
|a ANL
|b eng
|c ANL
|d SUSA
|d VCAV
|
| 082 |
0 |
4 |
|a 681.2
|2 20
|
| 111 |
2 |
|
|a Optical Fiber Sensors Conference
|n (8th :
|d 1992 :
|c Monterey, Calif.)
|
| 245 |
1 |
0 |
|a Conference proceedings :
|b 8th Optical Fiber Sensors Conference, January 29-31, 1992, Monterey Marriott, Monterey, CA.
|
| 246 |
3 |
|
|a 1992 Optical fiber sensors
|
| 260 |
|
|
|a New York :
|b IEEE,
|c c1991.
|
| 300 |
|
|
|a xvi, 432 p. :
|b ill. ;
|c 28 cm.
|
| 500 |
|
|
|a Co-sponsored by, IEEE Lasers and Electro-Optics Society and Optical Society of America.
|
| 500 |
|
|
|a Spine title: 1992 Optical fiber sensors.
|
| 500 |
|
|
|a IEEE Catalog no.: 92CH3107-0.
|
| 504 |
|
|
|a Includes bibliographical references and index of authors.
|
| 650 |
|
0 |
|a Fiber optics
|v Congresses.
|
| 650 |
|
0 |
|a Optical detectors
|v Congresses.
|
| 650 |
|
0 |
|a Optical fiber detectors
|v Congresses.
|
| 710 |
2 |
|
|a Optical Society of America.
|
| 710 |
2 |
|
|a Lasers and Electro-optics Society (Institute of Electrical and Electronics Engineers)
|
| 710 |
2 |
|
|a Institute of Electrical and Electronics Engineers.
|
| 852 |
8 |
|
|b CARM
|h A3:AF13C0
|i F07291
|p 0531764
|f BK
|
| 999 |
f |
f |
|i 47e519bb-07e8-54db-bba7-cc6594a61a8b
|s d04f1892-bc05-5308-a6b8-13549311b2f6
|
| 952 |
f |
f |
|p Can circulate
|a CAVAL
|b CAVAL
|c CAVAL
|d CARM 1 Store
|e F07291
|f A3:AF13C0
|h Other scheme
|i book
|m 0531764
|